000 00616nam a22001937a 4500
005 20150623112952.0
010 _aENG-112866
020 _c650.00
_a9789350353585
035 _aEN-96398
037 _bDBAD/PUB
082 _a342.540853
100 _aJain, Anshu
245 _aA treatise on The Right to Information Act /
_cby Anshu Jain ; foreworded by Dipak Misra
260 _a Delhi
_bUniversal Law Publishing
_c2014
270 _aA-58 G.T. Karnal Road,Industrial Area,
_bDelhi
_e110033
300 _axxvii,572p.
_c23cm(pbk)
500 _aIncludes index
942 _2ddc
_cEN
_mJAI
_h342.540853
999 _c93331
_d93331